| 000 | 00489cam a2200193ua 4500 | ||
|---|---|---|---|
| 001 | 2724 | ||
| 008 | 150623n ii |||gr||||Z||||||asm | ||
| 040 | _cMAIN | ||
| 041 | _aasm | ||
| 082 | _a891.4512 | ||
| 100 |
_aSharma, Satyandra Nath, _eAuthor. |
||
| 245 |
_aAsamiya natya sahitya _cby Satyandra Nath Sharma |
||
| 250 | _a8th. | ||
| 260 |
_aGuahati: _bSaumar Prakashan, _c2005. |
||
| 300 |
_a368p: _c23cm. |
||
| 653 | _aAssamese drama | ||
| 653 | _aAsamiya natya sahitya | ||
| 942 | _cBK | ||
| 999 |
_c2574 _d2574 |
||